000 00271nam a22001217a 4500
008 181207b xxu||||| |||| 00| 0 eng d
041 _aeng
080 _a721
100 _a41
101 _aNDE
245 _aDrawings Of Great Building
_cBauten.G
942 _2udc
_cBK
999 _c53069
_d53069